|
|
|
|
| LEADER |
00702nab a2200181 i 4500 |
| 001 |
misc7575 |
| 005 |
20191106144116.0 |
| 008 |
170607s1900 hu o 0|| hun d |
| 022 |
|
|
|a 0025-0260
|
| 040 |
|
|
|a SZTE Miscellanea Repozitórium
|b hun
|
| 041 |
|
|
|a hun
|
| 245 |
0 |
0 |
|a Báró Eötvös József összes művei végleges kiadásának programmja
|h [elektronikus dokumentum] :
|b [könyvismertetés]
|
| 260 |
|
|
|c 1900
|
| 300 |
|
|
|a 63-64
|
| 490 |
0 |
|
|a Magyar pedagógia : a Magyar Tudományos Akadémia Pedagógiai Bizottságának folyóirata
|v 9
|
| 695 |
|
|
|a Eötvös József, Könyvkiadás magyar
|
| 700 |
0 |
1 |
|a Eötvös József
|
| 856 |
4 |
0 |
|u http://misc.bibl.u-szeged.hu/7575/1/mp_1900_063-064.pdf
|z Dokumentum-elérés
|